[Event "BFCC-40 email"]
[Site "England"]
[Date "2002.05.31"]
[Round "?"]
[White "Rechtman, Mordechai"]
[Black "Knudsen, John C"]
[Result "0-1"]
[WhiteElo "2433"]
[BlackElo "2480"]
[PlyCount "56"]
[EventDate "2002.05.31"]
[EventType "tourn (corr)"]
[EventRounds "14"]
[EventCountry "ENG"]
[EventCategory "8"]
[SourceTitle "Corr 2004"]
[Source "ChessBase"]
[SourceDate "2003.04.28"]
[SourceVersion "3"]
[SourceVersionDate "2003.04.28"]
[SourceQuality "1"]

1. d4 Nf6 2. Nf3 e6 3. Bf4 c5 4. c3 d5 5. e3 Nc6 6. Nbd2 Bd6 7. Bg3 0-0 8. Bd3 b6 9. Ne5 Bb7 10. f4 Nd7 11. Qh5 f5 12. Ndf3 Nf6 13. Qh3 Qe8 14. Bh4 Bxe5 15. fxe5 Ne4 16. Nd2 Na5 17. Rf1 Qa4 18. g4 Nc4 19. Bxe4 Nxd2 20. Bxf5 exf5 21. Kxd2 Qb5 22. Rab1 Ba6 23. Rfe1 Qd3+ 24. Kc1 cxd4 25. Rd1 Qxe3+ 26. Qxe3 dxe3 27. gxf5 Rxf5 28. Bg3 Rf2 0-1